Nociones de cooperativismo : breve ensayo metodológico para la enseñanza de la materia denominada cooperativismo /

Guardat en:
Dades bibliogràfiques
Autor principal: Rojas Coria, Rosendo (autor)
Format: Llibre
Idioma:espanyol
Matèries:
Etiquetes: Afegir etiqueta
Sense etiquetes, Sigues el primer a etiquetar aquest registre!

MARC

LEADER 00000nam^a2200000^a^4500
001 000175059
005 20250521000000.0
009 20260310101550.805
037 |a Acervo ITESO - Biblioteca 
041 |a ESP 
082 |a 334. 0972  |b ROJ 
100 |a Rojas Coria, Rosendo  |e (autor) 
245 1 0 |a Nociones de cooperativismo :  |b breve ensayo metodológico para la enseñanza de la materia denominada cooperativismo /  |c R. Rojas Coria. 
264 |a México :  |b editorial no identificada,  |c 1993 
300 |a 123 p. 
336 |a texto  |b txt  |2 rdacontenido 
337 |a sin mediación  |b n  |2 rdamedio 
338 |a volumen  |b nc  |2 rdasoporte 
649 |a XX 
650 |a Cooperativas de Consumo -  |z México 
650 |a Cooperativas de Crédito -  |z México 
650 |a Cooperativas -  |z México 
650 |a Cooperativas -  |x Historia 
650 |a Economía -  |z México 
910 |a Fondo General 
920 |a Impresos - Libros 
930 |a Colección General 
905 |a 101 
901 |a 0500112808  |b IT1  |c ACC  |u 20250521 
902 |a https://opac.biblio.iteso.mx/vufind/Record/000175059